000
00322nam a2200133Ia 4500
008
240624s9999 xx 000 0 und d
041
_a
eng
082
_a
823 FOR
100
_a
FORSYTH FREDERICK
245
_a
DEVIL S ALTERNATIVE
260
_c
2011
_a
New Delhi
_b
Arrow Books
300
_a
478 , p. , 19 , cm.
365
_c
RS
999
_c
28956
_d
28956